Datum a čas kvízu
21.5
Celkem bodů
Celkový počet nahraných bodů na tomto kvízu bez doplňovacích otázek.
5.
Pořadí na kvízu
Konečné umístění týmu na tomto kvízu.
Zaznamenané odpovědi
| # | Otázka | Odpověď | Body | Výsledky |
|---|---|---|---|---|
| 1. | Úřad jednoho města v okrese Pr... | 0 | ||
| 2. | Bývalý ukrajinský prezident by... | 0 | ||
| 3. | V minulých dnech bylo podepsán... | 0 | ||
| 4. | Pouze dva obžalovaní stanuli v... | 0 | ||
| 5. | Jak se jmenuje česká biatlonis... | 0 | ||
| 21. | Nejdelší had na světě chovaný... | 1 | ||
| 22. | Přiřaďte k sobě rodová a druho... | 0 | ||
| 23. | Několik druhů chameleonů (např... | 1 | ||
| 24. | Jak se nazývá tento živočich?... | 0 | ||
| 25. | Napište jméno herce s tureckým... | 0 |